000 00919nam a22002057a 4500
008 110310s2009 xxu|||||r|||| 001 0 eng d
020 _a0750681497
020 _a9780750681490
082 _a620.5
_bASH
100 _94811
_aAshby, Michael F.
245 _aNanomaterials, Nanotechnologies and Design :
_bAn Introduction for Engineers and Architects /
_cMichael F. Ashby, Paulo J. Ferreira & Daniel L. Schodek
260 _aAmesterdam:
_bElsevier, 2009
_c2009
300 _a540 p. :
_bcol. ill. ;
_c22 cm.
504 _aIncludes bibliographical references and index
650 _93842
_aNanotechnology.
700 _918625
_aSchodek, Daniel L.,
700 _922508
_aFerreira, Paulo J.
942 _2ddc
_cBB
999 _c14994
_d14994